Mistrzostwa Świata 2026 - Statystyki

Ogólne statystyki
  • Ten quiz został rozwiązany 89 razy
    7 od ostatniego zresetowania
  • Średni wynik to 34 z 48
Statystyki odpowiedzi
Grupa Państwo % Poprawnych
J Argentyna
100%
I Francja
100%
H Hiszpania
100%
F Japonia
100%
I Norwegia
100%
K Portugalia
100%
F Szwecja
100%
L Anglia
80%
D Australia
80%
J Austria
80%
B Bośnia i Hercegowina
80%
C Brazylia
80%
E Curaçao
80%
A Czechy
80%
L Ghana
80%
F Holandia
80%
G Iran
80%
J Jordania
80%
B Kanada
80%
A Korea Południowa
80%
C Maroko
80%
A Meksyk
80%
E Niemcy
80%
A Republika Południowej Afryki
80%
D Stany Zjednoczone
80%
D Turcja
80%
H Urugwaj
80%
J Algieria
60%
H Arabia Saudyjska
60%
G Belgia
60%
L Chorwacja
60%
K Demokratyczna Republika Konga
60%
I Irak
60%
K Kolumbia
60%
L Panama
60%
D Paragwaj
60%
I Senegal
60%
C Szkocja
60%
B Szwajcaria
60%
F Tunezja
60%
K Uzbekistan
60%
E Wybrzeże Kości Słoniowej
60%
G Egipt
40%
E Ekwador
40%
B Katar
40%
G Nowa Zelandia
40%
H Republika Zielonego Przylądka
40%
C Haiti
20%
Nie znaleziono quizów pasujących do podanych kryteriów
Rozkład punktacji
Procent ludzi z każdym wynikiem
Percentyl według liczby udzielonych odpowiedzi
Twoja historia wyników
Nie rozwiązałeś tego quizu od ostatniego zresetowania